01004 a2200181 4500003000500000005001700005020001500022038001200037040000900049082001500058100002300073245006100096260003100157300001200188500054800200538003300748650004100781Nust20191213113126.0 a0070858667 aMSOHAIL cNust a624.17 WAN aChu Kia Wang Ph.D  aStatically Indeterminate Structures cChu Kia Wang Ph.D  aLondonbMcGRAW-HILL c1953 a 421,p  aGeneral Introduction (Page-1) Deflection of Statistically Determinate Beans (Page-7) Deflection of Statically Determinate Trusses (Page-49) Analysis of Statically Intermediate Beams and (Page-72) Analysis of Statically Intermediate Trusses (Page-105) The Three-moments Equation (Page-121) The Slope –deflection Method (Page-137) The Movement-distribution Method (Page-216) The Method of Column Analogy (Page-189) Analysis of Fixed Arches (Page-345) Secondary Stresses in Trusses With Rigid Joints (Page-384) Composite Structure (Page-399)  aAlmirah No.42 and Shelf No.2 aStatically Indeterminate Structures